00722pam a2200241 a 4500001000800000005001700008008004100025010001700066020002500083040001800108041000800126043001200134080001800146082002200164100000700186101000800193245005800201504003000259906004500289942001200334999001700346952011700363193459320180212041057.0861117s1987 nyu b 001 0 eng  a 86029839  a0312004672 :c$30.00 aDLCcDLCdDLC aeng an-us--- a370..973 DON00a370..973 DON2191 a47 aEDU10aEducation and the US government /cDonald K. Sharpes. aBibliography: p. 183-184. a7bcbccorignewd1eocipf19gy-gencatlg 2ddccBK c42310d42310 00102ddc40708PËKGa002b002cPËKGd2018-02-12l0o370..973 DONp002-2998757r2018-02-12w2018-02-12yBK